000 00844nam a2200265 i 4500
001 bg
003 BPK
005 20190902082938.0
008 050307s2005 pl a f |000 0 pol
015 _aPB 2005/5290
020 _a8392114000
040 _aWA N
_cBPK
041 0 _apol
080 _a628.3
100 1 _aKalinowska, Ewa
_d(1972- )
_eAutor
245 1 0 _aZasady i praktyka oczyszczania ścieków /
_cEwa Kalinowska, Grzegorz Bonar, Jarema Duma.
260 _aKraków :
_bLemtech Konsulting,
_c2005.
300 _a202 s. :
_brys., wykr. ;
_c29 cm.
504 _aBibliogr. s. 201-202.
650 4 _aOczyszczalnia ścieków
700 1 _aBonar, Grzegorz.
700 1 _aDuma, Jarema.
856 _uhttp://koha.tu.koszalin.pl/cgi-bin/koha/opac-detail.pl?biblionumber=52148
_yKatalog online
942 _2UKD
_cKS
999 _c52148
_d52148